| 000 | 01120nam a2200217 a 4500 | ||
|---|---|---|---|
| 001 | BS0002230 | ||
| 003 | BR-BrBNA | ||
| 005 | 20230906142053.0 | ||
| 008 | 230308b |||||||| |||| 00| 0 por d | ||
| 040 |
_aBR-BrBNA _bpor _cBiblioteca Nacional de Agricultura |
||
| 041 | _apor | ||
| 072 | _aS85 | ||
| 090 |
_aS85 _bBS0002230 |
||
| 100 | 1 | _aShaw, Irwin. | |
| 245 | 1 | _aRich man, poor man / | |
| 260 | 3 |
_aNova Iorque: _bDell Publishing, _c1971. |
|
| 300 | _a666 p. | ||
| 520 | 3 | _aRich man poor man is a sweeping, panoramic novel that takes us from the bright dawn of the years after World War II to the troubles and complexities of the present. It is about two brothers and their beautiful sister, all trying for their own kind of success in a world they never made. It touches on lust and love, ambition and greed, courage and corruption virtually every basic drive and emotion. Set against a glittering contemporary background that only Irwin Shaw could describe so well, it is the greatest achievement of one of the most magnificent storytellers of our time. | |
| 650 | _aS85 LITERATURA AMERICANA | ||
| 942 |
_cBK _2AGRIS |
||
| 999 |
_c7263 _d7263 |
||